LEADER 01313nam a2200277 4500 001 000000361015 003 CaOOAMICUS 005 20241203154115.0 008 241203s1927 it 000 u lat r 040 $aSeMil$bita 100 1 $aGalbiati, Giovanni,$c.$0(OLS)http://semarc/name/1900 245 10$aVergilius latine et graece apud Arabas iuxta antiquissimum codicem palimpsestum ab Achille Ratti Bybliothecae Ambrosianae comparatum /$cIohannes Galbiati. 264 1$a[S.l. :$bs.n.],$c1927. 300 $a28 p., 3 p. di tav. ;$c25 cm 500 $aEstratto da: Aevum, fasc. 1-2, 1927 650 4$aVirgilio Marone, Publio <70-19 a.C.> - Opere - Studi.$0(OLS)http://semarc/subject/19946 700 0 $aPius XI,$c.$0(OLS)http://semarc/name/3465 850 $aSeMil 852 $aSeMil$W1$xVenegono$y1$m5D IV 8/22$j252996$B251994$CSeMilBibl$Z2$F251994 $86 900 1 $aRatti, Achille,$d<1857-1939>. 900 0 $aPio XI$c. 996 $6245$aVergilius latine et graece apud Arabas iuxta antiquissimum codicem palimpsestum ab Achille Ratti Bybliothecae Ambrosianae comparatum$9(OLS)http://semarc/title/451626 996 $6264$a[S.l. :$bs.n.]$9(OLS)http://semarc/publisher/29751 LEADER 01222nam a2200181 i 4500 001 000000055233 003 CaOOAMICUS 005 19970623000000.0 008 970623n xx u000 u lat u 013 $a26405 040 $aSeMil$bita 245 10$aTheoriae corpusculares typicae in Universitatibus Societatis Jesu saec. 18. et Monadologia Kantiana :$bdoctrina J. Mangold, G. Sagner, R. J. Boscovich, B. Stattler. Romae : Officium Libri Catholici, 1951. ((Dissertatio ad Lauream in Facultate Philosop hica Pontificiae Universitatis Gregorianae. 600 14$aBoscovich, Ruggero Giuseppe .$0(OLS)http://semarc/subject/11268 600 14$aKant, Immanuel <1724-1804>.$0(OLS)http://semarc/subject/7657 650 4$aTesi di laurea.$0(OLS)http://semarc/subject/1690 850 $aSeMil 852 $aSeMil$W1$xVenegono$y1$m2I II 402$j21387$B21387$CSeMilBibl$Z2$F21389 $81 996 $6245$aTheoriae corpusculares typicae in Universitatibus Societatis Jesu saec. 18. et Monadologia Kantiana :$bdoctrina J. Mangold, G. Sagner, R. J. Boscovich, B. Stattler. Romae : Officium Libri Catholici, 1951. ((Dissertatio ad Lauream in Facultate Philosop hica Pontificiae Universitatis Gregorianae.$9(OLS)http://semarc/title/85631